Statistiques concernant They Shoot Pictures, Don't They? - films 221 à 240

Cliquez ici pour prendre le quiz!

Statistiques générales

  • Ce quiz a été pris 38 fois
  • Le résultat moyen est 6 sur 20

Statistiques - réponses

Réponse% Correct
Matrix
90%
Rencontres du troisième type
83%
Eraserhead
70%
Ivan le Terrible, 2e partie
43%
Le Goût du saké
43%
Les Raisins de la colère
33%
Où est la maison de mon ami ?
27%
Kes
23%
Le Désert Rouge
23%
Magnolia
23%
Allemagne année zéro
20%
Brazil
20%
Cendres et diamant
13%
L'Homme Tranquille
13%
John McCabe
10%
La Foule
7%
Le Dieu Noir et le Diable Blond
3%
Le Voyage des comédiens
3%
Love Streams
3%
Les Voyages de Sullivan
0%

Distribution des résultats

Percentile par nombre de réponses

% des personnes avec chaque résultat

Votre développement - résultats

Vous n’avez pas pris ce quiz